000 00641nam a2200181 u 4500
001 000344125
003 AM-YeHGA
005 20250617131149.0
008 040225s1976 ai r 000 0 arm d
040 _aAM-YeHGA
041 1 _aarm
100 1 _aՑուզմեր, Աննա Մուսեևնա.
245 1 0 _aՄարդ :
_bԱնատոմիա, ֆիզիոլոգիա, հիգիենա : Դասագիրք միջն. դպր. 8-րդ դաս. համար /
_cԱ.Մ. Ցուզմեր, Օ.Լ. Պետրիշինա.
250 _a6-րդ հրատ.
260 _aԵրևան :
_bԼույս,
_c1976.
300 _a320 [16] էջ :
_bնկ. ;
_c22 սմ.
090 _c132289
999 _c130923
_d130923